Ejercicios con diferentes móviles

Saved in:
Bibliografiske detaljer
Main Authors: Falkowski, Manuel M (Author), Enriquez, Ernesto (Author)
Format: Bog
Sprog:spansk
Udgivet: Madrid Librería Deportiva Esteban Sanz M 1979
Serier:Colección Ludus, 6
Fag:
Tags: Tilføj Tag
Ingen Tags, Vær først til at tagge denne postø!

MARC

LEADER 00000nam a2200000 a 4500
001 UCW3258
003 CL-VaPUC
008 880525e19790000SP |||||||||||||||||spa|d
082 0 4 |a 796.41  |b FAL  |2 21 
100 0 |a Falkowski, Manuel M  |e author  |9 307388 
700 0 |a Enriquez, Ernesto  |e author  |9 307389 
245 1 0 |a Ejercicios con diferentes móviles 
300 |a 247 p 
942 |c BK 
945 |d 19880525 00:00:00 
260 |a Madrid  |b Librería Deportiva Esteban Sanz M  |c 1979 
650 0 |a Educación física  |9 240893 
650 0 |a Ejercicios   |9 269807 
650 7 |a EJERCICIOS CON MOVILES  |2 CL-VaPUC  |9 307390 
583 |a last modification  |c 20170913 11:35:42  |k Rodrigo Vera 
490 0 |a Colección Ludus, 6 
999 |c 217356  |d 217354 
952 |0 0  |1 0  |4 0  |6 796_410000000000000_FAL_1979  |7 0  |8 P  |9 204751  |a BIBEDU  |b BIBEDU  |c BIBEDU_PB  |d 2019-11-15  |i 2725525  |o 796.41 FAL 1979  |p 2725525  |r 2024-01-25  |w 2019-11-15  |y BK  |k EDU 
952 |0 0  |1 0  |4 0  |6 796_410000000000000_FAL_1979  |7 0  |8 P  |9 204752  |a BIBEDU  |b BIBEDU  |c BIBEDU_PB  |d 2019-11-15  |i 2725533  |o 796.41 FAL 1979  |p 2725533  |r 2024-01-25  |w 2019-11-15  |y BK  |k EDU